[Event "Charleroi op"]
[Site "Charleroi"]
[Date "2018.07.28"]
[Round "1"]
[White "Russian, Carlo"]
[Black "Henris, Luc"]
[Result "1-0"]
[WhiteElo "1992"]
[BlackElo "2204"]
[PlyCount "101"]
[EventDate "2018.07.28"]
[EventType "swiss"]
[EventRounds "9"]
[EventCountry "BEL"]
[SourceTitle "CBM 185 Extra"]
[Source "ChessBase"]
[SourceDate "2018.07.29"]
[SourceVersion "1"]
[SourceVersionDate "2018.07.29"]
[SourceQuality "1"]

1. e4 e5 2. Bc4 Nf6 3. Nf3 d6 4. Nc3 Be7 5. 0-0 0-0 6. d4 exd4 7. Nxd4 c6 8. a4 Re8 9. Re1 Bf8 10. h3 Nbd7 11. b3 Ne5 12. Be2 d5 13. f4 Bb4 14. Bb2 Bxc3 15. Bxc3 Nxe4 16. Bb2 Ng6 17. Bg4 Nxf4 18. Bxc8 Rxc8 19. Qg4 Ng6 20. Nf5 Nf6 21. Rxe8+ Qxe8 22. Bxf6 gxf6 23. Ne7+ Qxe7 24. Qxc8+ Kg7 25. Qf5 Qe6 26. Qf2 b6 27. a5 c5 28. axb6 axb6 29. Ra6 Qc6 30. Qf3 Qb5 31. Ra7 d4 32. Rb7 Qb4 33. Qg3 Qd2 34. Qf2 Qa5 35. Rd7 b5 36. Rd6 Qa1+ 37. Kh2 d3 38. Rxd3 c4 39. Rd5 cxb3 40. cxb3 b4 41. Qd4 Qf1 42. Qxb4 f5 43. Qc4 Qb1 44. Qd3 Qc1 45. Rxf5 Qc7+ 46. Qg3 Qc2 47. Rb5 Qe2 48. Rb7 h5 49. Qc3+ Kg8 50. Rb8+ Kh7 51. Qf6 1-0

[Event "BCF-chT2 1718 (4NCL) Promotion pool"]
[Site "England"]
[Date "2018.05.07"]
[Round "11.47"]
[White "Cocks, Elliot"]
[Black "Russian, Carlo"]
[Result "1-0"]
[WhiteElo "2050"]
[BlackElo "2004"]
[PlyCount "97"]
[EventDate "2017.11.11"]
[EventType "team-tourn"]
[EventRounds "11"]
[EventCountry "ENG"]
[SourceTitle "EXT 2020"]
[Source "ChessBase"]
[SourceDate "2019.10.17"]
[SourceVersion "1"]
[SourceVersionDate "2019.10.17"]
[SourceQuality "1"]
[WhiteTeam "Anglian Avengers"]
[BlackTeam "Grantham Sharks II"]
[WhiteTeamCountry "ENG"]
[BlackTeamCountry "ENG"]

1. c4 e5 2. Nc3 Nc6 3. Nf3 g6 4. e3 Bg7 5. d4 exd4 6. exd4 d6 7. Bg5 Nge7 8. d5 Ne5 9. Nxe5 Bxe5 10. Be2 h6 11. Bh4 0-0 12. Qd2 Bg7 13. g4 g5 14. Bg3 Ng6 15. 0-0-0 a6 16. Kb1 Rb8 17. f3 b5 18. cxb5 axb5 19. Ne4 Re8 20. Bd3 Ne5 21. Bxe5 Rxe5 22. Bc2 c5 23. dxc6 d5 24. Ng3 Be6 25. Qd3 f5 26. gxf5 Bf7 27. c7 Qxc7 28. f6 Bxf6 29. Qh7+ Kf8 30. Nh5 Rb6 31. f4 Re2 32. Rhe1 Qxc2+ 33. Qxc2 Rxc2 34. Nxf6 Rc7 35. fxg5 hxg5 36. Nxd5 Bxd5 37. Rxd5 g4 38. Re4 Rf6 39. a3 Rf1+ 40. Ka2 Rc4 41. Rdd4 Rxd4 42. Rxd4 Rf2 43. Rxg4 Rxh2 44. Rg5 b4 45. a4 Rh4 46. Rb5 Ke7 47. Kb3 Kd6 48. Rxb4 Rh3+ 49. Ka2 1-0

[Event "BCF-chT2 1718 (4NCL) Promotion pool"]
[Site "England"]
[Date "2018.03.18"]
[Round "8.45"]
[White "Russian, Carlo"]
[Black "Coathup, Roger"]
[Result "0-1"]
[WhiteElo "2004"]
[BlackElo "2155"]
[PlyCount "64"]
[EventDate "2017.11.11"]
[EventType "team-tourn"]
[EventRounds "11"]
[EventCountry "ENG"]
[SourceTitle "EXT 2020"]
[Source "ChessBase"]
[SourceDate "2019.10.17"]
[SourceVersion "1"]
[SourceVersionDate "2019.10.17"]
[SourceQuality "1"]
[WhiteTeam "Grantham Sharks II"]
[BlackTeam "North East England"]
[WhiteTeamCountry "ENG"]
[BlackTeamCountry "ENG"]

1. d4 Nf6 2. Nf3 g6 3. Bf4 Bg7 4. e3 d6 5. Be2 Nbd7 6. 0-0 0-0 7. h3 Ne4 8. Nbd2 Nxd2 9. Qxd2 e5 10. Bh2 Qe7 11. c4 Re8 12. Rac1 exd4 13. Nxd4 a5 14. Nb5 Nc5 15. Rfd1 Bf5 16. g4 Be6 17. Bf3 Be5 18. b3 Red8 19. Bg2 Bxh2+ 20. Kxh2 f5 21. Nd4 fxg4 22. Nxe6 Nxe6 23. Bxb7 Rab8 24. Bd5 Rf8 25. hxg4 Qh4+ 26. Kg2 Qxg4+ 27. Kf1 Rf6 28. f3 Rxf3+ 29. Bxf3 Rf8 30. Qd3 Rxf3+ 31. Ke1 Qg3+ 32. Kd2 Rf2+ 0-1

[Event "BCF-chT2a 1718 (4NCL)"]
[Site "England"]
[Date "2018.03.17"]
[Round "7.48"]
[White "Miller, Dominic"]
[Black "Russian, Carlo"]
[Result "0-1"]
[WhiteElo "2132"]
[BlackElo "1990"]
[PlyCount "64"]
[EventDate "2017.11.11"]
[EventType "team-tourn"]
[EventRounds "7"]
[EventCountry "ENG"]
[SourceTitle "EXT 2020"]
[Source "ChessBase"]
[SourceDate "2019.10.17"]
[SourceVersion "1"]
[SourceVersionDate "2019.10.17"]
[SourceQuality "1"]
[WhiteTeam "Sussex Martlets"]
[BlackTeam "Grantham Sharks II"]
[WhiteTeamCountry "ENG"]
[BlackTeamCountry "ENG"]

1. e4 e5 2. Nf3 Nc6 3. Bb5 Nf6 4. Qe2 Bc5 5. 0-0 0-0 6. c3 Re8 7. d3 a6 8. Ba4 b5 9. Bb3 d5 10. Bg5 dxe4 11. dxe4 Bb7 12. Rd1 Qe7 13. Nh4 Rad8 14. Bd5 g6 15. Rd3 Na5 16. Rf3 Bxd5 17. exd5 Rxd5 18. Rxf6 Qd7 19. Nd2 Be7 20. Ne4 Rd8 21. Rf1 h6 22. Bxh6 Rd1 23. Nf3 Rxf1+ 24. Qxf1 Qd3 25. Nfg5 Qc2 26. Rxa6 Nb7 27. Nf3 Rd1 28. Ned2 Rxf1+ 29. Kxf1 Qd1+ 30. Ne1 Nc5 31. Rc6 Nd3 32. Ndf3 e4 0-1